| 000 | 00400nam a2200157Ia 4500 | ||
|---|---|---|---|
| 005 | 20250304040751.0 | ||
| 008 | 240331s9999 xx 000 0 und d | ||
| 020 | _a9558309036 | ||
| 082 |
_bSEN _a954 |
||
| 100 | _aSeneviratne, M | ||
| 245 | 2 |
_aA lasting storm : _bSri Lanka 1948-2001 |
|
| 260 |
_aColombo _bWimal Enterprises _c2000 |
||
| 300 | _aiii, 165 p ., | ||
| 500 | _aShort Stories | ||
| 942 | _cL | ||
| 999 |
_c3548 _d3548 |
||